La bonne journée : 31 mai : journée de... (mort subite) - Statistiques

Statistiques générales
  • Ce quiz a été pris 9 fois
  • Le résultat moyen est 2 sur 8
Answers on the Grid
Answers color-coded by a green-red scale on the quiz's grid according to % correct below.
Il paraît qu'elle vit une vingtaine d'années
Moi j'attendais plutôt la journée du radis
L'une peut bien se toiletter à l'eau salée
Aujourd'hui, c'est la journée de l'homme soumis
Il y sera bien mieux que dans le mini-bar
Moi j'attendais plutôt la journée de la poutre
Il est vrai qu'il meurt souvent prématurément
Plus pour la seconde si elle est bien lavée
Si le premier passe la nuit dans le placard
Si la première aime marquer son territoire
Alors je dois adopter un orang-outang
Elle est bien mal à l'aise dans un urinoir
A force de lui dire qu'il est malodorant
Mais pour l'autre, il vaudrait mieux vraiment l'éviter
C'est sûr, je l'ai perdu définitivement
Aujourd'hui, c'est vrai, c'est la journée de la loutre
 
Statistiques - réponses
Réponse % Correct
Si la première aime marquer son territoire
57%
Aujourd'hui, c'est vrai, c'est la journée de la loutre
29%
Elle est bien mal à l'aise dans un urinoir
29%
Il paraît qu'elle vit une vingtaine d'années
29%
Moi j'attendais plutôt la journée de la poutre
29%
L'une peut bien se toiletter à l'eau salée
14%
Mais pour l'autre, il vaudrait mieux vraiment l'éviter
14%
Plus pour la seconde si elle est bien lavée
14%
Aucun quiz correspondant
Distribution des résultats
% des personnes avec chaque résultat
Percentile par nombre de réponses
Votre historique - résultats
Vous n’avez pas pris ce quiz